[Event "Erfurt Young Masters 2017"]
[Site "Erfurt"]
[Date "2017.07.31"]
[Round "2"]
[White "Pourkashiyan, Atousa"]
[Black "Szczepkowska-Horowska, Karina"]
[Result "0-1"]
[WhiteElo "2289"]
[BlackElo "2396"]
[Annotator "ChessBase"]
[PlyCount "92"]
[EventDate "2017.??.??"]
[EventType "tourn"]
[EventCountry "GER"]
[SourceTitle "playchess.com"]
[Source "ChessBase"]
[SourceQuality "1"]
[TimeControl "40/5400+30:900+30"]

1. e4 {[%emt 0:04:21]} c5 {[%emt 0:00:08]} 2. Nf3 {[%emt 0:00:06]} a6 {[%emt 0:00:04]} 3. c3 {[%emt 0:00:57]} e6 {[%emt 0:00:07]} 4. d4 {[%emt 0:00:59]} d5 {[%emt 0:00:09]} 5. e5 {[%emt 0:04:48]} Bd7 {[%emt 0:00:20]} 6. a4 {[%emt 0:01:50]} Nc6 {[%emt 0:01:59]} 7. Be2 {[%emt 0:04:00]} cxd4 {[%emt 0:02:48]} 8. cxd4 {[%emt 0:00:15]} Nge7 {[%emt 0:03:11]} 9. Nbd2 {[%emt 0:09:08]} Nf5 {[%emt 0:10:49]} 10. Nb3 {[%emt 0:01:07]} Rc8 {[%emt 0:06:06]} 11. O-O {[%emt 0:01:19]} Be7 {[%emt 0:02:23]} 12. g4 {[%emt 0:04:03]} Nh4 {[%emt 0:02:54]} 13. Nxh4 {[%emt 0:08:30]} Bxh4 {[%emt 0:00:05]} 14. Nc5 {[%emt 0:07:10]} Qc7 {[%emt 0:06:43]} 15. Be3 {[%emt 0:03:54]} Be7 {[%emt 0:05:31]} 16. Rc1 {[%emt 0:00:59]} Qb6 {[%emt 0:07:48]} 17. Qd2 {[%emt 0:03:24]} Bxc5 {[%emt 0:04:25]} 18. Rxc5 {[%emt 0:00:51]} Ne7 {[%emt 0:00:32]} 19. Rxc8+ {[%emt 0:04:33]} Bxc8 {[%emt 0:01:28]} 20. b4 {[%emt 0:03:35]} Bd7 {[%emt 0:02:49]} 21. b5 {[%emt 0:01:20]} axb5 {[%emt 0:02:49]} 22. axb5 {[%emt 0:00:08]} O-O {[%emt 0:01:31]} 23. Ra1 {[%emt 0:05:38]} Nc8 {[%emt 0:07:09]} 24. Qb4 {[%emt 0:06:06]} Qd8 {[%emt 0:01:19]} 25. Ra8 {[%emt 0:03:20]} h6 {[%emt 0:06:45]} 26. Qc5 {[%emt 0:05:08]} Kh7 {[%emt 0:03:40]} 27. Rb8 {[%emt 0:02:16]} b6 {[%emt 0:01:29]} 28. Qc2+ {[%emt 0:00:03]} Kg8 {[%emt 0:02:34]} 29. Bd2 {[%emt 0:02:07]} Kh8 {[%emt 0:02:45]} 30. Bb4 {[%emt 0:01:04]} Rg8 {[%emt 0:00:06]} 31. Rb7 {[%emt 0:00:46]} Qe8 {[%emt 0:00:52]} 32. Qd3 {[%emt 0:03:08]} f5 {[%emt 0:01:52]} 33. exf6 {[%emt 0:02:07]} gxf6 {[%emt 0:00:15]} 34. Kh1 {[%emt 0:01:02]} Rg7 {[%emt 0:00:56]} 35. h3 {[%emt 0:01:55]} Bxb5 {[%emt 0:02:56]} 36. Qe3 {[%emt 0:03:37]} Rxb7 {[%emt 0:00:26]} 37. Qxh6+ {[%emt 0:00:29]} Kg8 {[%emt 0:01:09]} 38. Bxb5 {[%emt 0:00:26]} Qxb5 {[%emt 0:00:22]} 39. Qf8+ {[%emt 0:01:26]} Kh7 {[%emt 0:00:05]} 40. Qxc8 {[%emt 0:00:36]} Qf1+ {[%emt 0:15:37]} 41. Kh2 {[%emt 0:15:02]} Qxf2+ {[%emt 0:00:08]} 42. Kh1 {[%emt 0:00:01]} Qf1+ {[%emt 0:01:16]} 43. Kh2 {[%emt 0:00:02]} Qf4+ {[%emt 0:00:06]} 44. Kh1 {[%emt 0:02:36]} Rc7 {[%emt 0:00:15]} 45. Qxe6 {[%emt 0:00:19]} Rc1+ {[%emt 0:00:56]} 46. Be1 {[%emt 0:00:32]} Qe4+ {[%emt 0:00:21]} 0-1

[Event "Erfurt Young Masters 2017"]
[Site "Erfurt"]
[Date "2017.07.31"]
[Round "2"]
[White "Schneider, Jana"]
[Black "Heinemann, Josefine"]
[Result "0-1"]
[WhiteElo "2258"]
[BlackElo "2294"]
[Annotator "TA"]
[PlyCount "134"]
[EventDate "2017.??.??"]
[EventType "tourn"]
[EventCountry "GER"]
[SourceTitle "playchess.com"]
[Source "ChessBase"]
[SourceQuality "1"]

{[%evp 21,134,11,34,31,27,38,40,0,5,0,0,0,0,0,13,0,0,0,31,29,39,40,45,41,51,24,43,18,27,11,14,16,16,11,11,8,10,10,14,10,6,-7,-3,-3,0,-138,-122,-123,-127,-220,-179,-164,-141,-197,-187,-259,-294,-282,-224,-207,-188,-408,-398,-342,-321,-263,-206,-1327,-1343,-1483,-654,-1367,-1066,-1987,-2298,-2545,-1925,-1860,-1552,-4115,-3575,-609,-1818,-2727,-2491,-29956,-29960,-6372,-5077,-5093,-5065,-2480,-1864,-29975,-29976,-29980,-29981,-29981,-29981,-29986,-29982,-29982,-29983,-29983,-29984,-29984,-29985,-29986,-29987,-29985,-29985,-29991,-29992,-29993,-29994]} 1. e4 e5 2. Bc4 Nf6 3. d3 c6 4. Nf3 d5 5. Bb3 Bb4+ 6. Bd2 Bxd2+ 7. Nbxd2 Nbd7 {C24: Bishop's Opening: 2...Nf6} 8. O-O O-O 9. Re1 Re8 10. d4 exd4 11. exd5 Rxe1+ {LiveBook: 5 Games} 12. Qxe1 cxd5 13. Nxd4 Nc5 {[#]} 14. Qe3 $146 ({Predecessor:} 14. N2f3 Nce4 15. h3 {0-1 (72) Rublevsky,S (2702)-Safarli,E (2657) Berlin 2015}) 14... Bd7 15. Re1 a5 {...Qb6 is the strong threat.} 16. c3 Qb6 17. Rb1 Re8 18. Qf3 Bg4 19. Qg3 Nxb3 20. axb3 Bh5 21. f3 h6 22. Re1 Qd8 23. Re5 Bg6 24. Qe1 Kf8 25. Nf1 Nd7 26. Rxe8+ Qxe8 27. Qxe8+ Kxe8 $11 {[%mdl 4096] Endgame KBN-KNN} 28. Ne3 Nc5 29. Nxd5 Nd3 30. Ne3 {Threatening Nc4.} Nxb2 31. Nef5 Bxf5 32. Nxf5 {KN-KN} Kd7 33. Nxg7 {[#]} (33. Kf1 $11 {remains equal.}) 33... b5 $1 $17 34. Nf5 a4 {[%cal Ba5a4,Ba4a3,Ba3a2][%mdl 1056] Black has strong compensation.} 35. Kf1 (35. bxa4 $17 {might work better.} bxa4 36. Kf2) 35... a3 $19 ({Worse is} 35... axb3 36. Ke1 $11) 36. Nd4 Nd1 37. Nc2 (37. b4 $17) 37... a2 {White must now prevent ...Ne3+!} 38. Na1 (38. Ke2 {keeps fighting.} Nxc3+ 39. Kd2) 38... Nxc3 39. Ke1 Kd6 40. Kd2 Nd5 41. g3 $2 (41. Kc1) 41... Kc5 42. Kc1 Kd4 {Strongly threatening ...Kc3.} 43. Kb2 Ke3 44. f4 $2 (44. Nc2+ Kxf3 45. Nd4+ Kg4 46. Kxa2) 44... Kf3 45. Nc2 Kg2 (45... h5 $142 46. Nd4+ Kg2) 46. Nd4 Kxh2 47. g4 Kg3 48. Nf5+ Kxf4 49. Nxh6 f6 {[%cal Bf7f6,Bf6f5,Bf5f4,Bf4f3,Bf3f2][%mdl 32]} 50. Kxa2 {[#]} Kg5 $1 {[%cal Rg5h6]} 51. Nf7+ Kxg4 52. Kb2 f5 53. Kc2 f4 54. Kd3 f3 55. Nd6 {[#]} Nc3 $1 {[%mdl 512]} 56. Ke3 (56. Kxc3 f2) 56... b4 57. Nc4 Kg3 {Black mates.} 58. Kd3 f2 59. Ne3 Kf3 60. Kd2 Ne4+ 61. Kd3 Nc5+ 62. Kd4 Nxb3+ 63. Kd3 Nc5+ 64. Kd2 b3 65. Nf1 Kg2 66. Ke2 b2 67. Nd2 {[#]} b1=Q $1 {Precision: White = 40%, Black = 83%.} 0-1

[Event "Erfurt Young Masters 2017"]
[Site "Erfurt"]
[Date "2017.08.01"]
[Round "3"]
[White "Szczepkowska-Horowska, Karina"]
[Black "Bulmaga, Irina"]
[Result "1/2-1/2"]
[WhiteElo "2396"]
[BlackElo "2412"]
[Annotator "TA"]
[PlyCount "69"]
[EventDate "2017.??.??"]
[EventType "tourn"]
[EventCountry "GER"]
[SourceTitle "playchess.com"]
[Source "ChessBase"]
[SourceQuality "1"]

{[%evp 17,69,32,14,0,0,0,8,0,-10,-6,-3,-8,-1,-28,-21,-24,-40,-69,-32,-43,-42,-54,-22,-16,-8,-34,-26,-17,-18,-21,-20,-20,0,0,0,0,1,3,7,0,0,0,7,7,7,0,20,0,0,0,0,0,0,0]} 1. d4 Nf6 2. c4 e6 3. Nf3 d5 4. Nc3 Be7 5. Bf4 O-O 6. Rc1 {D37: Queen's Gambit Declined: 5 Bf4} (6. e3 Nbd7 7. a3 c5 8. cxd5 Nxd5 9. Nxd5 exd5 10. dxc5 Nxc5 11. Be2 Qb6 12. Be5 Nb3 13. Rb1 Bf5 14. Bd3 Be4 {½-½ (74) Mamedyarov,S (2800)-So,W (2812) Paris 2017}) 6... Nbd7 7. cxd5 exd5 8. e3 c6 9. h3 Ne4 {LiveBook: 3 Games} 10. Nxe4 (10. Bd3 {keeps more tension.} Nxc3 11. bxc3 c5 12. Qc2 g6 13. c4) 10... dxe4 11. Nd2 f5 12. Be2 $146 ({Find the theoretical novelty and annotate with similar games:} 12. Bc4+ Kh8 13. O-O Nf6 {0-1 (31) Dreev,A (2644)-Kasimdzhanov,R (2704) Berlin 2015}) 12... Nb6 13. O-O Nd5 14. Bc4 Be6 15. Bxd5 Bxd5 16. Nc4 Qd7 17. b3 Qe6 18. Na5 b6 19. Nc4 Rfd8 20. Qe2 Rac8 21. Rfd1 c5 22. dxc5 Rxc5 {The position is equal.} 23. Nb2 Rxc1 24. Rxc1 Rc8 (24... g5 $5 {[%cal Rg5f4]} 25. Bg3 Rf8 $15) 25. Rxc8+ Qxc8 26. Be5 Qc1+ 27. Kh2 Qc6 28. Qd2 Qe6 29. Bb8 Bd6+ 30. Bxd6 Qxd6+ 31. Kg1 Kf7 32. Na4 Ke6 33. Qc3 Qd7 34. Qb2 Bb7 35. Qc3 {Precision: White = 55%, Black = 71%.} 1/2-1/2

[Event "Erfurt Young Masters 2017"]
[Site "Erfurt"]
[Date "2017.08.01"]
[Round "3"]
[White "Heinemann, Josefine"]
[Black "Pourkashiyan, Atousa"]
[Result "1-0"]
[WhiteElo "2294"]
[BlackElo "2289"]
[Annotator "TA"]
[PlyCount "147"]
[EventDate "2017.??.??"]
[EventType "tourn"]
[EventCountry "GER"]
[SourceTitle "playchess.com"]
[Source "ChessBase"]
[SourceQuality "1"]

{[%evp 27,147,20,22,0,0,0,36,36,22,28,29,20,41,0,0,0,0,0,12,0,8,0,11,0,0,0,51,15,10,0,0,0,0,0,0,0,0,0,0,0,0,0,0,0,0,0,0,0,0,0,0,0,0,0,0,0,19,7,143,73,254,246,518,491,546,550,519,485,845,481,458,466,644,664,840,812,6544,2646,12839,12833,12841,12841,12842,12843,12843,12843,12844,12842,12842,12843,12845,12845,12845,12846,12846,12847,12847,12847,12848,12845,12846,12844,12845,0,0,0,12845,12845,12845,12845,12845,12846,12846,12847,29978,29978,29978,29979,29980,29981,29981,29982]} 1. e4 e5 2. Nf3 Nf6 3. Nxe5 d6 4. Nf3 Nxe4 5. d4 d5 6. Bd3 Nc6 7. O-O Be7 8. c4 Nf6 9. h3 Nb4 10. Be2 dxc4 11. Bxc4 O-O 12. Nc3 c6 13. a3 {C42: Petroff Defence: 3 Nxe5 and unusual White 3rd moves} Nbd5 14. Re1 Be6 {[#] LiveBook: 5 Games} 15. Ba2 $146 {The position is equal.} ({Predecessor:} 15. Bd3 Qc8 16. Bd2 Re8 17. Ne5 Bf5 18. Nxd5 Nxd5 19. Qf3 Bg6 20. Bc4 Qd8 21. Nxg6 hxg6 {½-½ (31) Lutz,C (2570)-Zaitsev,M (2485) Germany 2008}) 15... h6 16. Ne5 Nxc3 17. bxc3 {Strongly threatening Bxe6.} Bxa2 18. Rxa2 Bd6 19. Rae2 Re8 20. Qd3 Bxe5 21. Rxe5 Rxe5 22. Rxe5 Qd6 23. Qg3 {Black must now prevent Bxh6.} Kh7 24. Qd3+ Kh8 25. Qf3 Nd7 26. Re1 Rf8 ({Black should try} 26... Nf6 $11) 27. Qf5 {Threatening Bf4.} (27. Bf4 $5 {[%cal Rf4d6]} Qxa3 28. Qg3 $11) 27... Nb6 28. Qe5 Qxe5 29. Rxe5 $11 {[%mdl 4096] Endgame KRB-KRN} Rd8 30. Re7 Rd7 $1 {[%cal Rd7e7]} 31. Rxd7 Nxd7 {KB-KN} 32. Kf1 b5 33. Ke2 Nb6 34. Kd3 Kg8 35. Be3 a6 {[%cal Ba7a6,Ba6a5][%mdl 32]} 36. d5 $1 Nxd5 37. Kd4 $1 a5 38. Bd2 Nb6 39. Kc5 Nc4 40. Bc1 $1 Ne5 41. Kb6 {aiming for f4.} g5 42. Kxa5 {With the idea Kb6.} f5 {[#]} (42... f6 $1 $11) 43. Be3 (43. f4 $142 $1 {[%cal Rf4e5]} Nd3 44. Bd2) 43... f4 $2 (43... Kf7 $16 {is a better defense.}) 44. Bd4 $18 Nc4+ $2 (44... Nd7 {was called for.} 45. Kb4 Kf7) 45. Kb4 Nb2 46. Kc5 Nc4 47. a4 h5 (47... Kf8 $142 48. Kb4 (48. Kxc6 $2 bxa4 49. Kd5 a3 $19) 48... Ke7) 48. axb5 cxb5 49. Kxb5 Nd6+ 50. Kc6 Nf5 51. Bf6 g4 52. hxg4 hxg4 53. Be5 Nh4 54. Bxf4 Nxg2 55. Bg3 Kf7 56. Kd6 Ne1 57. Ke5 Kg6 58. c4 {[%cal Bc3c4,Bc4c5,Bc5c6][%mdl 32]} Nd3+ 59. Kd6 Kf7 60. c5 Ke8 61. Bh4 Nb2 62. c6 Nc4+ 63. Kc5 Ne5 64. Kb6 Nc4+ 65. Ka7 $2 {[#]} (65. Kb7 $18 Na5+ 66. Kc7) 65... Na5 $1 $11 66. Kb6 $2 {[%mdl 8192]} (66. c7 $11 Kd7 67. Bg3) 66... Nc4+ $1 $18 67. Kc7 Na5 68. Bg3 Ke7 69. Bd6+ Ke6 70. Bb4 Nxc6 71. Kxc6 {White mates.} Ke5 72. Bd6+ Ke4 73. Bg3 Kf5 74. Kd5 {Precision: White = 69%, Black = 48%.} 1-0

[Event "Erfurt Young Masters 2017"]
[Site "Erfurt"]
[Date "2017.08.01"]
[Round "3"]
[White "Sieber, Fiona"]
[Black "Brunello, Marina"]
[Result "0-1"]
[WhiteElo "2287"]
[BlackElo "2367"]
[Annotator "TA"]
[PlyCount "88"]
[EventDate "2017.??.??"]
[EventType "tourn"]
[EventCountry "GER"]
[SourceTitle "playchess.com"]
[Source "ChessBase"]
[SourceQuality "1"]

{[%evp 14,88,40,47,92,89,85,-3,72,0,5,0,0,0,0,-10,32,28,47,35,68,55,51,9,44,60,128,-29,-24,-46,-25,-177,-27,-28,0,0,0,-18,0,0,0,-28,-24,-31,-26,-130,-141,-370,-356,-398,-387,-395,-370,-470,-406,-383,-360,-485,-474,-427,-277,-451,-450,-426,-378,-570,-480,-1102,-1087,-1003,-978,-12839,-12839,-12842,-12843,-12847,-12843]} 1. e4 c5 2. Nf3 d6 3. Bb5+ Nd7 4. O-O Ngf6 5. Re1 a6 6. Bf1 b6 7. d4 {B51: Sicilian: Moscow Variation (3 Bb5+) without 3...Bd7} cxd4 8. Nxd4 {LiveBook: 110 Games} (8. Qxd4 Bb7 9. Nc3 e6 10. Bg5 Be7 11. Rad1 Qc7 12. a4 Rc8 13. h3 O-O 14. Qe3 h6 15. Bh4 Rfd8 16. Bg3 {0-1 (26) Bacrot,E (2708)-Karjakin,S (2781) Paris 2017}) 8... e5 $146 ({Predecessor:} 8... Bb7 9. f3 e6 10. c4 Be7 11. Nc3 O-O 12. Be3 Rc8 13. Rc1 Qc7 14. Qd2 Qb8 15. b4 Bd8 16. Kh1 Bc7 17. Na4 {0-1 (30) Kovalev,V (2641)-Adhiban,B (2670) Khanty-Mansiysk 2017}) 9. Nf5 {White is better.} Nc5 10. f3 (10. Bg5 $16) 10... b5 (10... d5 $1 $11) 11. b4 ({Better is} 11. Ne3 $16) 11... Bxf5 $1 $11 12. exf5 Ncd7 13. a4 d5 14. c3 Bd6 15. axb5 a5 16. bxa5 Rxa5 17. Rxa5 Qxa5 18. Be3 O-O 19. g4 {Hoping for g5.} Qc7 (19... h6 $14) 20. Re2 $2 (20. g5 $16) 20... e4 21. Rg2 $1 Re8 {White must now prevent ...exf3.} 22. fxe4 $2 {[#]} (22. Bd4 $11 {and White stays safe.}) 22... Nxe4 ({Black should try} 22... Bxh2+ $1 $19 {[%mdl 512]} 23. Rxh2 Qg3+ 24. Kh1 Qxe3) 23. Bd4 $1 Bf4 24. Kh1 Qd6 25. Qf3 Ng5 26. Qd1 Ne4 27. Qf3 Qh6 $36 {[%mdl 2048] Black has the initiative.} 28. b6 Ne5 29. Bxe5 (29. Qe2 $1 $11 {keeps the balance.}) 29... Bxe5 $17 30. c4 $2 {[#]} (30. Bd3 $17 {was called for.}) 30... Qc1 $1 $19 31. Na3 {intending Rc2.} Nd2 32. Rxd2 Qxd2 {[%csl Ge5][%cal Rd2h2]} 33. Qg2 Qe3 34. Nc2 Qxb6 35. Qxd5 Qh6 {[%csl Ge5][%cal Rh6h2]} 36. Qg2 Qd6 37. Kg1 $2 (37. g5) 37... h6 38. Kh1 Bf4 39. Kg1 (39. Qd5 {keeps fighting.}) 39... Rd8 {Black is clearly winning.} 40. Ne1 (40. Be2 $142) 40... Qc5+ 41. Kh1 Rd2 42. Nd3 Qxc4 43. Nxf4 Qxf4 44. Qh3 Qf2 {Precision: White = 34%, Black = 46%.} 0-1

[Event "Erfurt Young Masters 2017"]
[Site "Erfurt"]
[Date "2017.08.01"]
[Round "3"]
[White "Osmanodja, Filiz"]
[Black "Hoolt, Sarah"]
[Result "0-1"]
[WhiteElo "2273"]
[BlackElo "2439"]
[Annotator "TA"]
[PlyCount "72"]
[EventDate "2017.??.??"]
[EventType "tourn"]
[EventCountry "GER"]
[SourceTitle "playchess.com"]
[Source "ChessBase"]
[SourceQuality "1"]

{[%evp 13,72,0,13,0,29,6,13,0,42,20,33,29,83,48,66,-19,0,-45,-37,-50,-35,-79,-66,-77,-66,-65,-28,-39,-7,-34,15,0,0,-14,0,-118,-28,-127,-127,-156,-143,-145,-121,-134,-30,-31,33,0,105,-216,-226,-29987,-2599,-3712,-3196,-29986,-29987,-29987,0,-29998,-29999]} 1. e4 e6 2. d4 d5 3. Nc3 Nf6 4. e5 Nfd7 5. f4 c5 6. Nf3 Nc6 7. Be3 Be7 8. dxc5 {C11: French: Classical System: 4 e5 and 4 Bg5 dxe4} (8. Qd2 a6 9. Be2 b5 10. O-O O-O 11. a3 Bb7 12. Nd1 f6 13. c3 Rc8 14. Bd3 Na5 15. Qe2 fxe5 16. fxe5 cxd4 17. cxd4 {1-0 (38) Grischuk,A (2761)-Caruana,F (2808) Paris 2017}) 8... Nxc5 9. Qd2 O-O 10. O-O-O {The position is equal.} Qa5 11. Nd4 Rd8 12. Kb1 Bf8 (12... Qc7 $11) 13. g4 Bd7 14. Qf2 ({White should play} 14. h4 $14) 14... Rac8 $146 ({Predecessor:} 14... a6 15. Nb3 Nxb3 16. Bb6 Qxb6 17. Qxb6 {0-1 (52) Rengifo Blancas,R (2066)-Noboa,K (2070) Santa Cruz 2015}) 15. Rg1 Nxd4 16. Bxd4 b5 $1 {[%cal Bb7b5,Bb5b4][%mdl 32]} 17. Qh4 b4 $1 {[%cal Rb4c3]} 18. Ne2 Ne4 19. Nc1 $1 Ba4 (19... Qc7 $5 {[%cal Rc7c2]} 20. Bd3 a5 $15) 20. Bd3 g6 (20... Qc7 $5 {[%cal Ra4c2]} 21. Nb3 a5 $11) 21. f5 Rd7 (21... Qc7 $5 {[%cal Ra4c2]} 22. Nb3 Bxb3 23. axb3 Bc5 24. Bxe4 Bxd4 25. Rxd4 dxe4 26. Rxd8+ Rxd8 $11) 22. Rgf1 Bb5 {And now ...Bxd3 would win.} 23. Nb3 Qa6 24. Be3 (24. Qe1 $11 {keeps the balance.}) 24... Rdc7 (24... Bxd3 $1 $17 25. cxd3 Nc3+ $1 {[%mdl 512]} 26. bxc3 bxc3) 25. Bxb5 (25. Ka1 $1 $11 {remains equal.} Nc5 26. Bxc5 Bxc5 27. f6) 25... Qxb5 $17 26. Nd4 Qa4 $1 {[%cal Rc7c2]} 27. fxe6 fxe6 {...Be7 is the strong threat.} 28. Bh6 {Black must now prevent Rxf8+.} Be7 $40 {[%mdl 128] Black is up to no good.} (28... Bc5 $1 $17 {[%cal Rc5d4] aiming for ...Bxd4.} 29. Nb3 (29. Nxe6 $2 Be7 $19) 29... Be7) 29. Qh3 $11 {Hoping for Qf3.} Rc3 (29... Rxc2 $15 30. Nxc2 Rxc2) 30. Qg2 Ra3 ({Reject} 30... R8c4 $6 31. b3 $16) (30... g5 $11) 31. Nb3 $2 {[%mdl 8192]} (31. bxa3 $16 {is forced if you want to stay better.} Nc3+ 32. Kc1 Qxa3+ 33. Kd2) 31... Rxa2 $19 32. Bc1 $2 (32. Rd3 $19 Nc3+ 33. bxc3) 32... Rc6 (32... Nc5 $142 33. c3 Nxb3 34. Bg5 Nd2+ $1 {[%mdl 512]} 35. Kc1 bxc3 36. Rf8+ Bxf8 37. Qe4 dxe4 38. Bxd2 Ra1#) 33. Qf3 Ra6 {( -> ...Ra1+!)} 34. Qf7+ Kh8 35. c3 Nxc3+ $2 (35... bxc3 {mates} 36. Rd3 {[#]} c2+ $1 {[%mdl 512]} 37. Kxc2 Qc4+ 38. Rc3 Qxc3+ 39. Kd1 Qxb3+ 40. Ke1 Bb4+ 41. Ke2 Qc4+ 42. Kf3 Qxf1+ 43. Ke3 Bc5#) 36. bxc3 $2 {[%mdl 8192]} (36. Kc2 $11 Ne4 37. Qxe7 Rc6+ 38. Kb1 Nc3+ 39. Kc2 Ne4+ 40. Kb1 Nc3+ 41. Kc2 Ne4+) 36... Qxb3+ {Precision: White = 26%, Black = 21%.} 0-1

[Event "Erfurt Young Masters 2017"]
[Site "Erfurt"]
[Date "2017.08.01"]
[Round "3"]
[White "Rogozenco, Teodora"]
[Black "Schneider, Jana"]
[Result "0-1"]
[WhiteElo "2169"]
[BlackElo "2258"]
[Annotator "TA"]
[PlyCount "70"]
[EventDate "2017.??.??"]
[EventType "tourn"]
[EventCountry "GER"]
[SourceTitle "playchess.com"]
[Source "ChessBase"]
[SourceQuality "1"]

{[%evp 14,70,24,14,34,31,29,14,18,12,54,-6,0,0,-1,-27,-36,-55,-19,-69,-52,-66,84,84,74,72,74,72,73,62,76,60,84,14,21,0,30,0,0,-6,0,-8,-8,-97,-35,-325,-320,-338,-337,-381,-309,-1133,-831,-1086,-1072,-1049,-1036,-975,-973]} 1. d4 Nf6 2. c4 e6 3. Nc3 Bb4 4. Qc2 d5 5. cxd5 Qxd5 6. a3 Bxc3+ 7. bxc3 c5 8. e3 Nc6 {[%cal Bb8c6,Bc6a5,Ba5b3][%mdl 32] E34: Nimzo-Indian: Classical: 4...d5} (8... O-O 9. Nf3 b6 10. c4 Qc6 11. Bb2 cxd4 12. Bd3 Nbd7 13. exd4 Bb7 14. O-O Rac8 15. Rfe1 Rfd8 16. a4 Nf8 17. Bf1 Ng6 {1-0 (43) Ivanisevic,I (2650)-Djukic,N (2534) Kragujevac 2016}) 9. Nf3 O-O 10. Bd3 (10. c4 $5 {[%cal Rc4d5]} Qd6 11. Bb2 $14) 10... c4 {The position is equal.} 11. Be2 Na5 $146 ({Predecessor:} 11... e5 12. O-O exd4 13. cxd4 b5 14. Nd2 Bg4 15. Bxg4 Nxg4 16. Bb2 {0-1 (38) Eigler,F-Barcza,G Budapest 1951}) 12. Bb2 (12. O-O $14) 12... Bd7 $11 13. O-O Bc6 14. Rfe1 Nb3 15. Rab1 Rac8 16. Bc1 Ne4 17. Ne5 b5 {[#]} (17... Ba4 $1 $15 {stays ahead.} 18. Bf3 Nbc5) 18. f3 $1 $16 Nxc1 19. Qxc1 Nf6 20. e4 (20. a4 $5 bxa4 21. Nxc4 $16 (21. Bxc4 Qd6 $16)) 20... Qd6 21. a4 a6 22. axb5 axb5 23. Rb4 (23. Qb2 $16) 23... Ne8 $1 $11 24. Bd1 Nc7 25. Bc2 Ra8 26. Bb1 f6 27. Ng4 e5 $36 {[%mdl 2048] Black is pushing.} 28. Qd2 (28. dxe5 $11 fxe5 29. Qg5) 28... Ne6 (28... exd4 $17 {Threatens to win with ...d3.} 29. Qxd4 Qxd4+ 30. cxd4 Rfd8) 29. Rd1 $2 {[%mdl 8192]} (29. d5 $15 Bd7 30. Rb2) 29... exd4 $19 30. cxd4 {[#]} Nxd4 $1 {[%mdl 512]} 31. Ne3 {intending Nc2.} (31. Qxd4 Qxb4) 31... Rfd8 32. Nxc4 $2 (32. Rb2) 32... bxc4 {Black is clearly winning.} 33. Rxc4 {[#]} Nxf3+ $1 {[%mdl 512]} 34. gxf3 Qxd2 35. Rxd2 Rxd2 {Precision: White = 16%, Black = 63%.} 0-1

[Event "Erfurt Young Masters 2017"]
[Site "Erfurt"]
[Date "2017.08.01"]
[Round "4"]
[White "Hoolt, Sarah"]
[Black "Szczepkowska-Horowska, Karina"]
[Result "1/2-1/2"]
[WhiteElo "2439"]
[BlackElo "2396"]
[Annotator "TA"]
[PlyCount "53"]
[EventDate "2017.??.??"]
[EventType "tourn"]
[EventCountry "GER"]
[SourceTitle "playchess.com"]
[Source "ChessBase"]
[SourceQuality "1"]

{[%evp 14,53,32,21,24,15,33,12,23,13,12,14,0,0,47,42,54,35,41,15,61,14,29,15,29,33,19,24,45,39,42,37,41,22,47,0,10,0,41,0,10,0]} 1. e4 e5 2. Bc4 Nc6 3. Nf3 Nf6 4. d3 Be7 5. a4 O-O 6. O-O d6 {C55: Two Knights: 4 d3, 4 d4 exd4 5 e5 and Max Lange Attack} 7. a5 (7. Re1 Na5 8. Ba2 c5 9. c3 Nc6 10. Na3 h6 11. Bd2 Re8 12. Nc4 Bf8 13. h3 Be6 14. b4 Qc7 15. Ne3 Bxa2 16. Rxa2 cxb4 17. cxb4 {½-½ (49) Harikrishna,P (2753)-Ponomariov,R (2712) Huaian 2016}) 7... a6 8. c3 {LiveBook: 16 Games} Be6 9. Nbd2 h6 10. Bxe6 $146 ({Predecessor:} 10. Re1 Re8 11. Nf1 Bf8 12. Ng3 d5 13. exd5 Bxd5 14. Qb3 {1-0 (48) Marholev,D (2325)-Juhasz,B (2183) Kecskemet 2015}) 10... fxe6 11. d4 exd4 12. Nxd4 Nxd4 13. cxd4 d5 14. e5 $1 {[%cal Re5f6]} Nh7 15. Qg4 Rf5 16. Nf3 {Bxh6 is the strong threat.} Kh8 17. h4 Qd7 18. Be3 Raf8 19. Rfc1 {[%cal Bf1c1,Bc1c3,Bc3b3][%mdl 32]} c6 20. Rc3 Bd8 21. Rb3 R8f7 22. Bd2 Qe8 23. Rf1 Qe7 24. Bb4 Qe8 25. Bd2 Qe7 26. Bb4 Qe8 27. Bd2 {Precision: White = 32%, Black = 47%.} 1/2-1/2